|
|
|
|
| LEADER |
00685cam a2200205 a 4500 |
| 001 |
0000144396 |
| 005 |
20180123090000.0 |
| 040 |
|
|
|a mod
|
| 041 |
|
|
|a eng
|
| 020 |
|
|
|c RM26.50
|
| 090 |
0 |
0 |
|a 297.63
|b NAS
|c 1994
|
| 100 |
1 |
|
|a Nasr
|h Seyyed Hossein
|
| 245 |
1 |
0 |
|a Menjelajah dunia modern : bimbingan untuk kaum muda Muslim
|c Seyyed Hossein Nasr
|
| 260 |
|
|
|a Bandung
|b Penerbit Mizan
|c 1994
|
| 300 |
|
|
|a 263p.
|c 23cm.
|
| 500 |
|
|
|a Mengandungi indeks
|
| 500 |
|
|
|a Judul asal : A young Muslim's guide to the modern world. - Chicago : Kazi Publications, 1993.
|
| 650 |
0 |
0 |
|a Islam
|
| 650 |
0 |
0 |
|a Islam
|y 20th century
|x Miscellenea
|
| 999 |
|
|
|a K000142
|b ILMI
|d BOOKS
|e Hadiah - Umum
|f ILMI
|j AVAILABLE
|q GOOD CONDITION
|